| 000 | 00648nam a2200205 a 4500 | ||
|---|---|---|---|
| 008 | |||
| 020 | _a9788493688110 (pbk.) | ||
| 049 | _aMAIN | ||
| 090 |
_aNA16 _bCAS |
||
| 245 | 1 | 0 |
_aCasa del Platano cadiz/spain =Plane tree house / _cedited by Eva Luque ; Alejandro Pascual in collaboration with MGM ,Morales De Giles. |
| 260 |
_aSpain : _b[s.n]; _c2009. |
||
| 300 |
_a219 p. : _bill. (some col.) ; _c22 cm. |
||
| 650 |
_aArchitecture _xSpanish. |
||
| 700 | _aLuque, Eva. | ||
| 907 |
_a.b10389817 _b07-03-18 _c06-03-18 |
||
| 003 | |||
| 005 | 20230120131041.0 | ||
| 040 | _cNUST | ||
| 942 |
_cBOOKS _kNA16 _mCAS |
||
| 999 |
_c95959 _d95959 |
||